HSMHA Health Reports

محفوظ في:

التنسيق: دورية

اللغة: Undetermined

منشور في: JSTOR
Sage Publications, Inc.

الموضوعات:

الوصول للمادة أونلاين: Login to view Source

الوسوم: إضافة وسم

لا توجد وسوم, كن أول من يضع وسما على هذه التسجيلة!

رقم الطلب:

LEADER 00488nas a2200157Ia 4500
008 220214c99999999xx |||||||||||| ||und||
022 |a 0083-1204 
245 0 0 |a HSMHA Health Reports 
264 1 |b JSTOR 
264 1 |b Sage Publications, Inc. 
362 0 |a Vol. 86(1971)-87 (1972) 
653 1 0 |a Medicine & Allied Health 
856 4 0 |u https://www.jstor.org/journal/hsmhhealrepo 
942 |c JL 
952 |0 0  |1 0  |4 0  |7 1  |9 35209  |a JSR  |b JSR  |d 2022-02-14  |l 0  |r 2022-02-14 00:00:00  |w 2022-02-14  |y JL 
999 |c 43542  |d 43542